[Event "Open Nuevo Centro. Jornada 5"]
[Site "Chess.com"]
[Date "2020.07.17"]
[Round "5"]
[White "Gómez Alonso, Óscar"]
[Black "Gimenez Saiz, Jose Raul"]
[Result "1-0"]
[WhiteElo "1832"]
[BlackElo "1552"]
[PlyCount "117"]
[EventDate "2020.??.??"]

1. d4 d6 2. Nf3 Nd7 3. e4 g6 4. c3 Bg7 5. Be3 e5 6. d5 Ne7 7. Nbd2 O-O 8. c4 a5
9. h3 f5 10. Nh2 f4 11. Bxf4 Rxf4 12. Nhf3 Nf6 13. Qc2 Nh5 14. g3 Rf7 15. Be2
Qf8 16. O-O-O a4 17. Rdf1 a3 18. b3 c6 19. Rh2 b5 20. Ng5 Rf6 21. cxb5 cxb5 22.
Bxb5 Ba6 23. Bxa6 Rxa6 24. Ne6 Rxe6 25. dxe6 Rc6 26. Nc4 Nxg3 27. Rd1 Qf4+ 28.
Kb1 Nxe4 29. Rg2 d5 30. Rg4 Qxf2 31. Rxe4 Qxc2+ 32. Kxc2 dxe4 33. Rd7 Kf8 34.
Kd2 Ke8 35. Ra7 Kd8 36. Ke3 Rc7 37. Ra8+ Rc8 38. Rxa3 Nc6 39. Ra6 Nd4 40. Kxe4
Rc6 41. Ra8+ Rc8 42. Ra7 Rc7 43. e7+ Kxe7 44. Rxc7+ Kf6 45. Ne3 Nb5 46. Rc6+
Kf7 47. a4 Na3 48. Nd5 Nb1 49. Rc7+ Kf8 50. Kd3 e4+ 51. Kxe4 Nd2+ 52. Kf4 Nxb3
53. Ra7 Nc5 54. a5 Ne6+ 55. Kg3 Nc5 56. a6 Be5+ 57. Kg2 Bd4 58. Ra8+ Kf7 59.
Nb4 1-0

[Event "Open Nuevo Centro. Jornada 5"]
[Site "Chess.com"]
[Date "2020.07.17"]
[Round "5"]
[White "Rodriguez Rodriguez, Joan David"]
[Black "Gutierrez Marco, Dario"]
[Result "0-1"]
[WhiteElo "1574"]
[BlackElo "1842"]
[PlyCount "150"]
[EventDate "2020.??.??"]

1. d4 Nf6 2. c4 c5 3. d5 e6 4. Nc3 exd5 5. cxd5 d6 6. e4 g6 7. Bd3 Bg7 8. h3
O-O 9. Nf3 a6 10. O-O b5 11. a3 Re8 12. Bg5 Nbd7 13. Re1 Qc7 14. Bf4 Nh5 15.
Bh2 Rb8 16. Rc1 Ne5 17. Nxe5 Bxe5 18. Bxe5 Rxe5 19. Qd2 c4 20. Bb1 Qc5 21. Qe3
Qxe3 22. Rxe3 Bd7 23. Kh2 Rbe8 24. g3 R5e7 25. Rce1 Ng7 26. f4 f6 27. Bc2 Kf7
28. a4 b4 29. Nd1 b3 30. Bb1 Bxa4 31. Nc3 Bb5 32. Kg2 h5 33. Kf3 Bd7 34. Kg2
Nf5 35. Kf3 Nxe3 36. Rxe3 a5 37. Ne2 a4 38. Rc3 Rc8 39. Nd4 Rc7 40. h4 Re8 41.
f5 Ra8 42. fxg6+ Kxg6 43. e5+ Kg7 44. e6 Be8 45. Nf5+ Kf8 46. Nxd6 a3 47. bxa3
Rxa3 48. Rxc4 Rxc4 49. Nxc4 Ra1 50. Be4 Rd1 51. d6 Rd4 52. Ke3 Rxc4 53. d7 Ke7
54. Bd5 Rb4 55. dxe8=Q+ Kxe8 56. Kd3 b2 57. Ba2 b1=Q+ 58. Bxb1 Rxb1 59. Ke4 Ke7
60. Kf5 Rb3 61. g4 hxg4 62. Kxg4 Kxe6 63. h5 Kf7 64. Kf5 Kg7 65. Kg4 Kh6 66.
Kh4 Rb4+ 67. Kg3 Kxh5 68. Kf2 Kg5 69. Ke3 Kf5 70. Kf3 Rb3+ 71. Kf2 Ke4 72. Ke2
Rb2+ 73. Kf1 Ke3 74. Kg1 Kf3 75. Kh1 Kg3 0-1

[Event "Open Nuevo Centro. Jornada 5"]
[Site "Chess.com"]
[Date "2020.07.17"]
[Round "5"]
[White "Bercaru, Vlad Ionut"]
[Black "Segarra Martinez, Axel"]
[Result "0-1"]
[WhiteElo "1951"]
[BlackElo "2224"]
[PlyCount "150"]
[EventDate "2020.??.??"]

1. c4 e5 2. Nc3 Nf6 3. Nf3 Nc6 4. d4 exd4 5. Nxd4 Bc5 6. Nxc6 bxc6 7. e3 O-O 8.
Bd3 d5 9. cxd5 cxd5 10. O-O Bd6 11. h3 c6 12. b3 Bc7 13. Bb2 Qd6 14. f4 Re8 15.
Qd2 Bb6 16. Rfe1 Qxf4 17. Bc1 Qe5 18. Kh1 Bc7 19. g4 h5 20. Re2 hxg4 21. Bb2
gxh3 22. Ne4 Nxe4 23. Bxe5 Nxd2 24. Bxc7 Nf3 25. Rf1 Ne5 26. Bc2 Bg4 27. Rh2
Nf3 28. Rhf2 Rxe3 29. Bf4 Rc3 30. Bd1 Re8 31. Bxf3 Bxf3+ 32. Rxf3 Rxf3 33. Rxf3
Re1+ 34. Kh2 Re2+ 35. Kxh3 Rxa2 36. Rc3 Rb2 37. Rxc6 Rxb3+ 38. Kg4 Kh7 39. Rd6
Rd3 40. Rd7 Kg6 41. Bb8 a5 42. Ra7 Rd4+ 43. Kf3 a4 44. Ke3 Re4+ 45. Kd3 Rb4 46.
Ra6+ Kf5 47. Ra5 Rxb8 48. Rxa4 Ke5 49. Ra7 Rb3+ 50. Kc2 Rf3 51. Kd2 g5 52. Ke2
g4 53. Re7+ Kd4 54. Rd7 f5 55. Re7 f4 56. Rf7 Re3+ 57. Kf2 g3+ 58. Kg2 Re2+ 59.
Kf1 Rf2+ 60. Kg1 f3 61. Rg7 Rg2+ 62. Kf1 Ke3 63. Re7+ Kd3 64. Rg7 d4 65. Rf7
Rf2+ 66. Kg1 Kd2 67. Rg7 Rg2+ 68. Kf1 Rf2+ 69. Kg1 Re2 70. Rxg3 Rg2+ 71. Rxg2+
fxg2 72. Kxg2 Ke2 73. Kg1 d3 74. Kg2 d2 75. Kg3 d1=Q 0-1

[Event "Open Nuevo Centro. Jornada 5"]
[Site "Chess.com"]
[Date "2020.07.17"]
[Round "5"]
[White "Méndez Giménez, Néstor Emmanuel"]
[Black "Grigorev, Artur"]
[Result "0-1"]
[WhiteElo "1142"]
[BlackElo "953"]
[PlyCount "146"]
[EventDate "2020.??.??"]

1. e3 e5 2. e4 Nf6 3. Nc3 Bc5 4. Bc4 b5 5. Bxb5 c6 6. Bc4 d5 7. exd5 O-O 8.
dxc6 Bxf2+ 9. Kxf2 Qd4+ 10. Ke1 Qxc4 11. Qe2 Qxc6 12. Nf3 e4 13. Ng5 Bg4 14.
Qe3 Nbd7 15. Kf2 Bd1 16. Nxd1 Ng4+ 17. Ke2 Nxe3 18. Nxe3 Nf6 19. Nf5 Qxc2 20.
h4 e3 21. h5 h6 22. Nf3 Qxf5 23. dxe3 Ne4 24. Bd2 Ng3+ 25. Kf2 Nxh1+ 26. Rxh1
Rad8 27. Bc3 Qc2+ 28. Kg3 Qxb2 29. Bxb2 Rb8 30. Be5 Rfe8 31. Rh4 g5 32. Rd4 Rb2
33. Kg4 Rxa2 34. Kf5 Rxg2 35. Rg4 Rxg4 36. Kxg4 Kh7 37. Kf5 a5 38. Nd4 a4 39.
Nb5 Ra8 40. Ke4 Ra5 41. Na3 Rb5 42. Nxb5 Kg8 43. Kd4 Kf8 44. Kc4 Ke7 45. Kb4
Kd7 46. Kxa4 Ke6 47. Ba1 Kd5 48. Kb3 Ke4 49. Bd4 f5 50. Kc3 g4 51. Nd6+ Kd5 52.
Nxf5 Ke4 53. Nxh6 g3 54. Kd2 g2 55. Nf7 g1=Q 56. Nd6+ Kd5 57. e4+ Kxd4 58. Nf5+
Kxe4 59. Nd6+ Kd5 60. Nf5 Qg5+ 61. Ne3+ Kd4 62. h6 Qxe3+ 63. Kc2 Qxh6 64. Kb3
Qd2 65. Ka3 Ke5 66. Kb3 Qd4 67. Kc2 Qe3 68. Kd1 Qf2 69. Kc1 Qe2 70. Kb1 Qd2 71.
Ka1 Kd4 72. Kb1 Kc3 73. Ka1 Qb2# 0-1

[Event "Open Nuevo Centro. Jornada 5"]
[Site "Chess.com"]
[Date "2020.07.17"]
[Round "5"]
[White "Orts Tomás, Marc"]
[Black "Gukasov, Artem"]
[Result "0-1"]
[WhiteElo "1701"]
[BlackElo "1503"]
[PlyCount "148"]
[EventDate "2020.??.??"]

1. c4 Nf6 2. g3 g6 3. Bg2 Bg7 4. Nf3 d6 5. O-O O-O 6. Nc3 Nbd7 7. Rb1 e5 8. d3
Qe7 9. b4 a6 10. a4 c5 11. b5 Re8 12. Nd2 Nf8 13. Bb2 Rb8 14. a5 Be6 15. Ba3
N8d7 16. Qc2 Bf5 17. Na4 Bh6 18. bxa6 bxa6 19. Nb6 Nxb6 20. Rxb6 Rxb6 21. axb6
Rb8 22. b7 Bxd2 23. Qxd2 e4 24. Rb1 Rxb7 25. Rxb7 Qxb7 26. Bb2 Nd7 27. Qc3 f6
28. h3 Qb4 29. g4 Be6 30. Bxe4 Qxc3 31. Bxc3 Nb6 32. Bb7 Bc8 33. Bc6 Kf7 34. f4
Bd7 35. Bb7 Bc8 36. Bg2 Ke7 37. Ba5 Nd7 38. Kf2 Nf8 39. e3 Ne6 40. Bf3 h6 41.
h4 g5 42. hxg5 hxg5 43. f5 Ng7 44. Bc6 Ne8 45. d4 cxd4 46. exd4 Ng7 47. Ke3 Ne8
48. Bb4 Kd8 49. Bc5 dxc5 50. dxc5 a5 51. Ba4 Nc7 52. Ke4 Ba6 53. Kd4 Ke7 54. c6
Kd6 55. Bb3 Kxc6 56. c5 Bb5 57. Bd1 a4 58. Bf3+ Kd7 59. Be4 Bc6 60. Bb1 Nb5+
61. Kc4 a3 62. Ba2 Kc7 63. Kb4 Kb7 64. Bc4 Nd4 65. Kxa3 Bb5 66. Bd5+ Bc6 67.
Bc4 Be4 68. Bf7 Bf3 69. Bh5 Ne2 70. Kb4 Ng3 71. Bf7 Bxg4 72. Bd5+ Kc7 73. c6
Bxf5 74. Kc5 Be4 0-1

[Event "Open Nuevo Centro. Jornada 5"]
[Site "Chess.com"]
[Date "2020.07.17"]
[Round "6"]
[White "Maestre Soler, Sergio"]
[Black "Cebolla Ruiz, David"]
[Result "0-1"]
[WhiteElo "904"]
[BlackElo "1504"]
[PlyCount "42"]
[EventDate "2020.??.??"]

1. e4 c6 2. Bc4 d5 3. exd5 cxd5 4. Bb3 Nf6 5. Nc3 Nc6 6. Bxd5 Nxd5 7. Nxd5 Qxd5
8. Nf3 Bg4 9. h3 Bxf3 10. Qxf3 Qxf3 11. gxf3 Nd4 12. c3 Nc2+ 13. Kd1 Nxa1 14.
d3 e6 15. Be3 b6 16. Kc1 O-O-O 17. Kb1 Rxd3 18. Kxa1 Bc5 19. Bxc5 bxc5 20. f4
Rhd8 21. Rd1 Rxd1# 0-1

[Event "Open Nuevo Centro. Jornada 5"]
[Site "Chess.com"]
[Date "2020.07.17"]
[Round "6"]
[White "Gracia Calvo, Andrés"]
[Black "Bercaru, Vlad Ionut"]
[Result "1/2-1/2"]
[WhiteElo "1798"]
[BlackElo "1938"]
[PlyCount "33"]
[EventDate "2020.??.??"]

1. d4 Nf6 2. Nf3 g6 3. Bf4 Bg7 4. e3 O-O 5. h3 d6 6. c4 Nbd7 7. Nc3 b6 8. Be2
Bb7 9. O-O Ne4 10. Qc2 Nxc3 11. bxc3 e5 12. Bg5 Qe8 13. Rfd1 exd4 14. cxd4 Be4
15. Qd2 Qe6 16. Rac1 Qf5 17. Bf4 1/2-1/2

[Event "Open Nuevo Centro. Jornada 5"]
[Site "Chess.com"]
[Date "2020.07.17"]
[Round "6"]
[White "Alvarez Usina, Jordi"]
[Black "Saiz Sapena, Veronica"]
[Result "1-0"]
[WhiteElo "1345"]
[BlackElo "1595"]
[PlyCount "29"]
[EventDate "2020.??.??"]

1. d4 d5 2. Bf4 Nf6 3. e3 a6 4. Nf3 e6 5. Nbd2 c5 6. c3 Be7 7. Bd3 c4 8. Bc2 a5
9. Ne5 Nbd7 10. Ndf3 Bd6 11. Bg3 Nh5 12. Nxf7 Kxf7 13. Bxd6 g6 14. Ng5+ Ke8 15.
Nxe6 1-0

[Event "Open Nuevo Centro. Jornada 5"]
[Site "Chess.com"]
[Date "2020.07.17"]
[Round "6"]
[White "Carbonell Bofill, Carlos Eloy"]
[Black "Fitzpatrick Dimas, Kevin"]
[Result "1-0"]
[WhiteElo "1987"]
[BlackElo "956"]
[PlyCount "47"]
[EventDate "2020.??.??"]

1. d4 d5 2. Bg5 f6 3. Bf4 e5 4. dxe5 fxe5 5. Bxe5 Nc6 6. Bc3 Bc5 7. Bxg7 Nf6 8.
Bxh8 Bf5 9. Nf3 Ne4 10. Bd4 Bxd4 11. Nxd4 Qh4 12. g3 Qf6 13. Nxf5 Qxf5 14. f3
Nc5 15. h4 O-O-O 16. Bh3 Qxh3 17. Rxh3 Ne5 18. Qd4 b6 19. Qxe5 Nd7 20. Qxd5 Nf6
21. Qe6+ Rd7 22. Qxf6 a5 23. Nd2 h5 24. O-O-O 1-0

[Event "Open Nuevo Centro. Jornada 5"]
[Site "Chess.com"]
[Date "2020.07.17"]
[Round "6"]
[White "Vega Gutiérrez, Sabrina"]
[Black "Gutierrez Marco, Dario"]
[Result "1-0"]
[WhiteElo "2164"]
[BlackElo "1839"]
[PlyCount "33"]
[EventDate "2020.??.??"]

1. e4 c5 2. Nf3 e6 3. d4 cxd4 4. Nxd4 Nc6 5. Nc3 Qc7 6. f4 a6 7. Be3 d6 8. Qf3
Nf6 9. O-O-O Be7 10. g4 b5 11. g5 Nd7 12. Qh3 Bb7 13. g6 Nxd4 14. gxf7+ Kd8 15.
Bxd4 e5 16. fxe5 dxe5 17. Bb6 1-0

[Event "Open Nuevo Centro. Jornada 5"]
[Site "Chess.com"]
[Date "2020.07.17"]
[Round "6"]
[White "Fitzpatrick Dimas, Andrew"]
[Black "Galcin Plitnikas, Artiom"]
[Result "1-0"]
[WhiteElo "1070"]
[BlackElo "791"]
[PlyCount "37"]
[EventDate "2020.??.??"]

1. e4 c5 2. Nf3 Nc6 3. Nc3 d6 4. d4 e6 5. dxc5 Nf6 6. cxd6 Bxd6 7. Bg5 O-O 8.
Bxf6 Qxf6 9. Qxd6 Rd8 10. Qg3 Nd4 11. Nxd4 Qxd4 12. Bd3 e5 13. O-O Rd6 14. Rad1
Rg6 15. Qf3 Qd7 16. Bb5 Qe6 17. Be2 Qf6 18. Qxf6 Rxf6 19. Rd8# 1-0

[Event "Open Nuevo Centro. Jornada 5"]
[Site "Chess.com"]
[Date "2020.07.17"]
[Round "6"]
[White "Lloret Ramis, Juan José"]
[Black "Yatseta Fernandez, Marc Kazymyr"]
[Result "1-0"]
[WhiteElo "1996"]
[BlackElo "1554"]
[PlyCount "49"]
[EventDate "2020.??.??"]

1. c4 Nf6 2. Nc3 e6 3. e4 d5 4. cxd5 exd5 5. e5 Nfd7 6. d4 Nb6 7. Nf3 Nc6 8.
Bb5 Be6 9. O-O a6 10. Bd3 Be7 11. Be3 Qd7 12. Rc1 O-O-O 13. a3 Kb8 14. b4 Nc4
15. b5 axb5 16. Nxb5 Na7 17. Nxa7 Kxa7 18. Bxc4 dxc4 19. d5+ b6 20. dxe6 Qxe6
21. Qa4+ Kb7 22. Rxc4 Ra8 23. Qc2 Rhc8 24. Rc1 Bd8 25. Qe4+ 1-0

[Event "Open Nuevo Centro. Jornada 5"]
[Site "Chess.com"]
[Date "2020.07.17"]
[Round "6"]
[White "Cebrián Granado, Guille"]
[Black "Morata Briones, Carlos"]
[Result "1/2-1/2"]
[WhiteElo "486"]
[BlackElo "946"]
[PlyCount "83"]
[EventDate "2020.??.??"]

1. d4 d5 2. Nf3 e6 3. Nc3 Bb4 4. g3 Qf6 5. Qd2 Nc6 6. Kd1 Nge7 7. Rb1 O-O 8. e3
Bd7 9. Be2 h6 10. Re1 Na5 11. h3 Nc4 12. Nh4 Nxd2 13. f3 Nxb1 14. b3 Nxc3+ 15.
Kd2 Nxe2+ 16. Kd1 Nxc1 17. Re2 Nxe2 18. Kxe2 Bb5+ 19. Kd1 Qf5 20. c3 Bxc3 21.
a3 Qxf3+ 22. Kc2 Qe2+ 23. Kxc3 Qd3+ 24. Kb4 c6 25. Kc5 b6+ 26. Kd6 Rfe8 27. Kd7
Rad8+ 28. Kc7 Rc8+ 29. Kb7 a6 30. Ka7 Rc7+ 31. Kxb6 Rcc8 32. Ka5 Qc3+ 33. b4
Qxa3+ 34. Kb6 Qxb4 35. Kb7 Rb8+ 36. Kc7 Red8 37. e4 dxe4 38. g4 Rbc8+ 39. Kb6
Rb8+ 40. Kc7 Rbc8+ 41. Kb6 Rb8+ 42. Kc7 1/2-1/2

[Event "Open Nuevo Centro. Jornada 5"]
[Site "Chess.com"]
[Date "2020.07.17"]
[Round "6"]
[White "Donate Peris, Jose Manuel"]
[Black "Martínez Cuenca, Jose Andrés"]
[Result "1-0"]
[WhiteElo "1535"]
[BlackElo "987"]
[PlyCount "55"]
[EventDate "2020.??.??"]

1. d4 c5 2. d5 Nf6 3. c4 d6 4. Nc3 Nbd7 5. e4 e5 6. f4 exf4 7. Bxf4 Ne5 8. Bxe5
dxe5 9. Nf3 Bd6 10. Be2 Nd7 11. O-O Nf6 12. Qc2 Bg4 13. Nb5 Bxf3 14. Nxd6+ Qxd6
15. Rxf3 Qd8 16. Raf1 O-O 17. Rf5 Nd7 18. Qc3 f6 19. Bg4 b6 20. Rh5 a5 21. Be6+
Kh8 22. Qh3 h6 23. Bxd7 Qxd7 24. Qxd7 a4 25. Qb5 a3 26. bxa3 Rxa3 27. Qxb6 Rxa2
28. Qxc5 1-0

[Event "Open Nuevo Centro. Jornada 5"]
[Site "Chess.com"]
[Date "2020.07.17"]
[Round "6"]
[White "Elenkov Olmo, Ivan"]
[Black "Méndez Giménez, Néstor Emmanuel"]
[Result "0-1"]
[WhiteElo "948"]
[BlackElo "1147"]
[PlyCount "36"]
[EventDate "2020.??.??"]

1. e4 e5 2. Nf3 Nc6 3. Bc4 Bc5 4. d3 Nf6 5. Ng5 O-O 6. Nxf7 d5 7. Nxd8 Nxd8 8.
Bxd5+ Nxd5 9. exd5 c6 10. dxc6 Bxf2+ 11. Ke2 Bg4+ 12. Kd2 Bxd1 13. Rxd1 Nxc6
14. Rf1 Be3+ 15. Ke2 Bxc1 16. Rxc1 Nd4+ 17. Kd1 e4 18. dxe4 Rad8 0-1

[Event "Open Nuevo Centro. Jornada 5"]
[Site "Chess.com"]
[Date "2020.07.17"]
[Round "6"]
[White "Rabbani Perez, Oumaima"]
[Black "Fernández Martín, Berta"]
[Result "1-0"]
[WhiteElo "630"]
[BlackElo "577"]
[PlyCount "33"]
[EventDate "2020.??.??"]

1. d3 e5 2. e3 Nf6 3. Nf3 d6 4. d4 Nc6 5. dxe5 Ne4 6. exd6 Nxd6 7. e4 Bg4 8.
Bf4 Qd7 9. Bxd6 Bxd6 10. Bb5 a6 11. Bxc6 Qxc6 12. Na3 O-O-O 13. Nd4 Qxe4+ 14.
Ne2 Bb4+ 15. c3 Rxd1+ 16. Kxd1 Qxe2+ 17. Kc1 1-0

[Event "Open Nuevo Centro. Jornada 5"]
[Site "Chess.com"]
[Date "2020.07.17"]
[Round "6"]
[White "Cayon Pelaez, Pablo"]
[Black "Marques Montolio, Luis"]
[Result "1-0"]
[WhiteElo "1789"]
[BlackElo "1369"]
[PlyCount "85"]
[EventDate "2020.??.??"]

1. e4 c6 2. d4 d5 3. e5 Bf5 4. Bd3 Bxd3 5. Qxd3 e6 6. c3 a6 7. f4 c5 8. Nf3 Nc6
9. Be3 cxd4 10. cxd4 Rc8 11. Nc3 Nge7 12. O-O Nf5 13. a3 Nxe3 14. Qxe3 Be7 15.
Nd2 O-O 16. Rf3 Qb6 17. Rd1 Qxd4 18. Nb3 Qxe3+ 19. Rxe3 b5 20. Ne2 a5 21. Rc3
a4 22. Rdc1 axb3 23. Rxc6 Rxc6 24. Rxc6 Rb8 25. Nd4 b4 26. axb4 Rxb4 27. Rc8+
Bf8 28. Nc6 g6 29. Nxb4 Kg7 30. Nd3 h5 31. Rb8 f6 32. Rxb3 fxe5 33. fxe5 g5 34.
Rb7+ Kg6 35. b4 Kf5 36. Rf7+ Ke4 37. Rxf8 Kxd3 38. b5 Ke2 39. b6 d4 40. b7 d3
41. b8=Q d2 42. Qb5+ Ke1 43. Rf1# 1-0

[Event "Open Nuevo Centro. Jornada 5"]
[Site "Chess.com"]
[Date "2020.07.17"]
[Round "6"]
[White "Serrano Requena, Guillem"]
[Black "Castellano López, Javier"]
[Result "0-1"]
[WhiteElo "1464"]
[BlackElo "1848"]
[PlyCount "62"]
[EventDate "2020.??.??"]

1. d4 Nf6 2. Bg5 Ne4 3. Bh4 d5 4. e3 Bf5 5. Nf3 c6 6. c4 Qa5+ 7. Nbd2 e6 8. Be2
Bb4 9. a3 Bxd2+ 10. Nxd2 O-O 11. b4 Qc7 12. Nxe4 Bxe4 13. O-O Nd7 14. cxd5 cxd5
15. Rc1 Qb6 16. Bg3 Rfc8 17. Qd2 Nf6 18. Rc3 Bg6 19. Rfc1 Rxc3 20. Qxc3 h6 21.
Qc7 Ne4 22. Bf3 Nxg3 23. hxg3 Qb5 24. Qe5 a5 25. e4 axb4 26. axb4 dxe4 27. Bxe4
Qxe5 28. dxe5 Bxe4 29. Rc7 Ra1+ 30. Kh2 Rf1 31. Rxb7 Bxb7 0-1

[Event "Open Nuevo Centro. Jornada 5"]
[Site "Chess.com"]
[Date "2020.07.17"]
[Round "6"]
[White "Sampedro Roig, Josep Francesc"]
[Black "Blanco Solaz, Ramón"]
[Result "0-1"]
[WhiteElo "1687"]
[BlackElo "1933"]
[PlyCount "78"]
[EventDate "2020.??.??"]

1. e4 c5 2. Nf3 g6 3. d4 cxd4 4. Nxd4 Nc6 5. Be3 Nf6 6. Nc3 Bg7 7. Be2 O-O 8.
O-O d5 9. exd5 Nxd5 10. Nxd5 Qxd5 11. Bf3 Qc4 12. c3 Rd8 13. Bxc6 bxc6 14. Qf3
Bb7 15. Nb3 Rd5 16. Rad1 a5 17. Rxd5 cxd5 18. Nc5 Bc6 19. Qf4 Qxf4 20. Bxf4 e5
21. Be3 Rb8 22. b3 f5 23. g3 Kf7 24. Rd1 Rd8 25. f4 d4 26. cxd4 exd4 27. Bd2
Rd5 28. Nd3 Bb5 29. Be1 Ba6 30. Bf2 Ke6 31. Rd2 Kd6 32. Nb2 Kc6 33. Kg2 Bb5 34.
Kf3 Kc5 35. Rc2+ Kb4 36. Nd3+ Ka3 37. Nc5 d3 38. Rd2 Bc3 39. Rd1 Rxc5 0-1

[Event "Open Nuevo Centro. Jornada 5"]
[Site "Chess.com"]
[Date "2020.07.17"]
[Round "6"]
[White "Soliva Ruiz, Ramon"]
[Black "Bendayán Claros, Aaron"]
[Result "0-1"]
[WhiteElo "1471"]
[BlackElo "1984"]
[PlyCount "58"]
[EventDate "2020.??.??"]

1. d4 d5 2. Bf4 e6 3. e3 Bd6 4. Bg3 Nd7 5. c3 f5 6. Nf3 Ngf6 7. Ne5 O-O 8. Nd2
Ne4 9. Nxd7 Bxd7 10. Bxd6 cxd6 11. Bd3 a6 12. a4 Rc8 13. O-O Rf6 14. f3 Nxd2
15. Qxd2 Rh6 16. e4 dxe4 17. fxe4 fxe4 18. Bxe4 Qh4 19. Bxb7 Qxh2+ 20. Kf2 Rf8+
21. Ke2 Rhf6 22. Rxf6 Rxf6 23. Kd3 d5 24. Re1 Bxa4 25. Bxa6 Qg3+ 26. Re3 Qg6+
27. Ke2 Qxg2+ 28. Kd3 Rf2 29. Qe1 Qg6+ 0-1

[Event "Open Nuevo Centro. Jornada 5"]
[Site "Chess.com"]
[Date "2020.07.17"]
[Round "6"]
[White "Martin Ayala, David"]
[Black "Jordan Martinez, David"]
[Result "0-1"]
[WhiteElo "1932"]
[BlackElo "1914"]
[PlyCount "82"]
[EventDate "2020.??.??"]

1. e4 c5 2. Nc3 g6 3. f4 Bg7 4. Nf3 Nc6 5. Bc4 e6 6. O-O Nge7 7. Qe1 O-O 8. f5
d5 9. Bb3 d4 10. Ne2 exf5 11. d3 Na5 12. Bg5 Nxb3 13. axb3 h6 14. Bxe7 Qxe7 15.
Qg3 fxe4 16. dxe4 Qxe4 17. Rae1 Qc6 18. Nf4 Bf5 19. Ne5 Qd6 20. Nc4 Qc7 21. Nd5
Qxg3 22. hxg3 Bxc2 23. Re7 Bxb3 24. Rc1 d3 25. Rxb7 Bxc4 26. Rxc4 d2 27. Ne3
Bd4 28. Rxd4 cxd4 29. Nd1 Rac8 30. Kf2 Rfe8 31. Rd7 Re1 32. Rxd4 Rxd1 33. Ke2
Rg1 34. Kxd2 Rxg2+ 35. Ke3 Rxg3+ 36. Kf4 Rg2 37. Rd7 Rxb2 38. Rxa7 Rc4+ 39. Ke5
Rb5+ 40. Kd6 Kg7 41. Re7 Rf5 0-1

[Event "Open Nuevo Centro. Jornada 5"]
[Site "Chess.com"]
[Date "2020.07.17"]
[Round "6"]
[White "Segarra Martinez, Axel"]
[Black "Gimeno Higueras, Roberto"]
[Result "1-0"]
[WhiteElo "2232"]
[BlackElo "2077"]
[PlyCount "57"]
[EventDate "2020.??.??"]

1. e4 c6 2. d4 d5 3. exd5 cxd5 4. Bd3 Nc6 5. c3 Nf6 6. h3 e5 7. dxe5 Nxe5 8.
Qe2 Qe7 9. Bb5+ Bd7 10. Bf4 Bxb5 11. Qxb5+ Nc6+ 12. Ne2 a6 13. Qd3 Qe4 14.
Qxe4+ Nxe4 15. O-O Bc5 16. Nd2 O-O 17. Nb3 Ba7 18. Rad1 Rad8 19. Nbd4 Rfe8 20.
Rfe1 Ne5 21. Bxe5 Rxe5 22. Nf4 Ree8 23. Kf1 g6 24. g4 Re7 25. f3 Bb8 26. Nd3
Ng3+ 27. Kf2 Rde8 28. Nb4 Rxe1 29. Rxe1 1-0

[Event "Open Nuevo Centro. Jornada 5"]
[Site "Chess.com"]
[Date "2020.07.17"]
[Round "6"]
[White "Movsisyan, Tigran"]
[Black "Llorens Ferrer, Francisco"]
[Result "0-1"]
[WhiteElo "1859"]
[BlackElo "1631"]
[PlyCount "60"]
[EventDate "2020.??.??"]

1. e4 c5 2. Nc3 Nc6 3. Bb5 e6 4. Bxc6 bxc6 5. d3 Ne7 6. f4 d5 7. Nf3 Rb8 8. O-O
Ng6 9. Qe1 Be7 10. b3 O-O 11. Na4 Nh4 12. Ba3 Nxf3+ 13. Rxf3 Rb5 14. c4 Ra5 15.
Rd1 e5 16. f5 Re8 17. Rh3 h6 18. Qg3 dxe4 19. Rxh6 Bxf5 20. Rxc6 Qd4+ 21. Kh1
Rxa4 22. bxa4 exd3 23. Rc7 d2 24. h3 Bc2 25. Qf3 Bxd1 26. Qxd1 Qf2 27. Kh2 Qe1
28. Qh5 d1=Q 29. Bxc5 Qh1+ 30. Kg3 Qxh5 0-1

[Event "Open Nuevo Centro. Jornada 5"]
[Site "Chess.com"]
[Date "2020.07.17"]
[Round "6"]
[White "Perrot, Fabien"]
[Black "Martínez Cuenca, Adrián"]
[Result "1-0"]
[WhiteElo "972"]
[BlackElo "651"]
[PlyCount "61"]
[EventDate "2020.??.??"]

1. d4 d5 2. Nf3 Nc6 3. c4 dxc4 4. d5 Nd4 5. Qxd4 Bf5 6. Qxc4 c6 7. dxc6 bxc6 8.
Qxc6+ Qd7 9. Qxa8+ Qd8 10. Qxd8+ Kxd8 11. Bf4 Bc2 12. Ne5 e6 13. Nxf7+ Ke8 14.
Nxh8 Bb4+ 15. Bd2 Bxd2+ 16. Nxd2 Bf5 17. e4 Bg6 18. Nxg6 hxg6 19. Bc4 Nf6 20.
Bxe6 Ng4 21. Bxg4 g5 22. Rc1 g6 23. O-O Ke7 24. Rc5 Kf6 25. Nf3 Ke7 26. Rd1 Ke8
27. Rxg5 Kf7 28. Rd6 Ke7 29. Rgxg6 Kf7 30. Ra6 Kf8 31. Rxa7 1-0

[Event "Open Nuevo Centro. Jornada 5"]
[Site "Chess.com"]
[Date "2020.07.17"]
[Round "6"]
[White "Aguado, Pablo Luis"]
[Black "Chofre Murcia, Adrián"]
[Result "1-0"]
[WhiteElo "1912"]
[BlackElo "1664"]
[PlyCount "67"]
[EventDate "2020.??.??"]

1. d4 f5 2. c4 e6 3. Nc3 c6 4. g3 d5 5. Nf3 Nf6 6. Bg2 Be7 7. O-O O-O 8. Bf4
Bd7 9. e3 Be8 10. cxd5 cxd5 11. Rc1 Nc6 12. Nb5 Rc8 13. a4 a6 14. Nc3 Bh5 15.
Qb3 Bxf3 16. Bxf3 Qd7 17. Qb6 Nb4 18. Ne2 Nd3 19. Rc3 Nxf4 20. Nxf4 Rxc3 21.
bxc3 Bd6 22. Rb1 Rb8 23. Nd3 Ne4 24. Bxe4 fxe4 25. Ne5 Bxe5 26. dxe5 Kf7 27.
Qa7 Qc8 28. Rb6 Kf8 29. Rd6 Ke7 30. Qb6 Kf7 31. a5 Qxc3 32. Rd7+ Ke8 33. Qxe6+
Kf8 34. Qf7# 1-0

[Event "Open Nuevo Centro. Jornada 5"]
[Site "Chess.com"]
[Date "2020.07.17"]
[Round "6"]
[White "Teply Koutsky, David"]
[Black "Perez Garcia, Jose Miguel"]
[Result "0-1"]
[WhiteElo "1637"]
[BlackElo "2064"]
[PlyCount "96"]
[EventDate "2020.??.??"]

1. d4 Nf6 2. c4 c5 3. d5 b5 4. cxb5 a6 5. bxa6 g6 6. a7 Rxa7 7. Nc3 d6 8. e4
Nbd7 9. Nf3 Bg7 10. Be2 O-O 11. O-O Ba6 12. Re1 Qa8 13. Bxa6 Rxa6 14. Nb5 Qb7
15. a4 Rfa8 16. Ra3 Ne8 17. b3 Nc7 18. Nxc7 Qxc7 19. Qc2 Qb7 20. Bb2 Bxb2 21.
Qxb2 Rxa4 22. Rxa4 Rxa4 23. Qc2 Rb4 24. Rb1 f6 25. Nd2 Ne5 26. f4 Ng4 27. h3
Nh6 28. g3 Qb6 29. Kg2 Nf7 30. Ra1 Qb5 31. Kf3 Kg7 32. Ra7 Kf8 33. Ra8+ Kg7 34.
Ra7 g5 35. Rxe7 Qb8 36. Qc3 Qc8 37. fxg5 Rd4 38. gxf6+ Kxf6 39. Ra7 Ne5+ 40.
Kf2 Nd3+ 41. Ke2 Qxh3 42. Ra1 Qg2+ 43. Kd1 Qg1+ 44. Kc2 Qxg3 45. Rf1+ Kg6 46.
Nf3 Nb4+ 47. Kb2 Qg2+ 48. Ka3 Qa2# 0-1

[Event "Open Nuevo Centro. Jornada 5"]
[Site "Chess.com"]
[Date "2020.07.17"]
[Round "6"]
[White "Kovacevic, Slobodan"]
[Black "Cantero Navarro, Antonio"]
[Result "1-0"]
[WhiteElo "2199"]
[BlackElo "1908"]
[PlyCount "79"]
[EventDate "2020.??.??"]

1. d4 Nf6 2. Nf3 e6 3. Bf4 b6 4. Nbd2 Bb7 5. e3 Be7 6. h3 O-O 7. c3 d6 8. Bd3
Nbd7 9. O-O d5 10. Qb1 c5 11. b4 c4 12. Bc2 a5 13. b5 a4 14. a3 Ra5 15. Qb2 Nh5
16. Bh2 f5 17. Rfb1 Nhf6 18. Qc1 Ne4 19. Nxe4 fxe4 20. Nd2 Qe8 21. Bg3 Nf6 22.
Qd1 Nh5 23. Bh2 Qf7 24. f4 exf3 25. Nxf3 Nf6 26. Ng5 Qe8 27. Nxe6 Rf7 28. Ng5
Rf8 29. Be5 Ne4 30. Nxe4 dxe4 31. Qg4 Bf6 32. Rf1 Bxe5 33. Rxf8+ Kxf8 34. dxe5
Qxe5 35. Rf1+ Kg8 36. Qd7 h6 37. Qxb7 Rxb5 38. Qa8+ Kh7 39. Bxe4+ g6 40. Rf7+
1-0

[Event "Open Nuevo Centro. Jornada 5"]
[Site "Chess.com"]
[Date "2020.07.17"]
[Round "6"]
[White "Roca Cruz, Rafael"]
[Black "Garrido Silos, Pablo"]
[Result "1-0"]
[WhiteElo "1819"]
[BlackElo "1439"]
[PlyCount "67"]
[EventDate "2020.??.??"]

1. d4 Nf6 2. c4 g6 3. Nc3 d5 4. cxd5 Nxd5 5. Bd2 Bg7 6. e4 Nxc3 7. Bxc3 O-O 8.
h3 c5 9. d5 Bxc3+ 10. bxc3 b6 11. Nf3 Qc7 12. Be2 a5 13. O-O Ba6 14. a4 Bxe2
15. Qxe2 Nd7 16. Rab1 Rfb8 17. Rb5 Ne5 18. Nxe5 Qxe5 19. Qd3 Qd6 20. f4 Ra7 21.
e5 Qd7 22. c4 Rab7 23. g4 Rd8 24. f5 gxf5 25. gxf5 Kh8 26. e6 fxe6 27. fxe6
Rg8+ 28. Kh1 Qe8 29. Rf7 Rg7 30. Qc3 Qg8 31. Rb2 h6 32. Rg2 Kh7 33. Rgxg7+ Qxg7
34. Qxg7# 1-0